000 00366nam a2200145Ia 4500
008 210716s1993 xx 000 0 und d
041 _aeng
082 _a004 JAIS
100 _aJain, Satish.
245 _aIntroduction to computer science.
250 _a1
260 _aNew Delhi
_bBPB Publications
_c1993
300 _aviii,487
650 _aComputer Fundamentals
999 _c182432
_d182432